000
00319nam a2200133Ia 4500
008
231217s9999 xx 000 0 und d
041
_a
English
082
_a
670.423 TEJ.2;1
100
_a
Tejwani, V K.
245
0
_a
Basic machine shop practice V.2
260
_c
1989
_b
McGraw-Hill,
300
_a
254
942
_c
AA
999
_c
161470
_d
161470